000 00566cam a2200193 4500
001 D15949
008 090401t1961 xxu||||| |||| 00| 0 eng d
035 _a(Sirsi) u26053
041 _aeng
050 _a692.507
110 _aRoyal Institution of Chartered Surveyors
_94900
245 _aRules and syllabus for the Quantity Surveying Section of the Scottish Professional examinations
260 _bRICS
_c1961
300 _a32p
350 _a0
520 _aReprinted with amendments, Jan. 1969; Filed in box 1969/17 ABC
942 _n0
948 _c04/03/1997
999 _c88869
_d88869